Learning at not-school (Record no. 207624)
[ view plain ]
| 000 -LEADER | |
|---|---|
| fixed length control field | 01523nam a2200349 a 4500 |
| 082 04 - DEWEY DECIMAL CLASSIFICATION NUMBER | |
| Classification number | 371.19 |
| 100 1# - MAIN ENTRY--AUTHOR NAME | |
| Personal name | Sefton-Green, Julian. |
| 245 10 - TITLE STATEMENT | |
| Title | Learning at not-school |
| 260 ## - PUBLICATION, DISTRIBUTION, ETC. (IMPRINT) | |
| Place of publication | Cambridge, Mass. : |
| Name of publisher | MIT Press, |
| Year of publication | 2013. |
| 300 ## - PHYSICAL DESCRIPTION | |
| Number of Pages | vi, 92 p. |
| 490 1# - SERIES STATEMENT | |
| Series statement | The John D. and Catherine T. MacArthur Foundation reports on digital media and learning |
| 650 #0 - SUBJECT ADDED ENTRY--TOPICAL TERM | |
| Topical Term | After-school programs |
| Topical Term | Learning |
| Topical Term | Comparative education. |
| 856 40 - ELECTRONIC LOCATION AND ACCESS | |
| Uniform Resource Identifier | http://site.ebrary.com/lib/rucke/Doc?id=10612431 |
No items available.
